Les 10 Meilleurs Buteurs De Manchester City Depuis 1970 - Statistiques

Statistiques générales
  • Ce quiz a été pris 163 fois
    56 depuis la dernière actualisation
  • Le résultat moyen est 6 sur 10
Statistiques - réponses
Ordre Poste Nationalité Joueur Nombre
De Buts
Nombre de Matchs
Joués avec le club
Saisons % Correct
2 A Norvège ErlingHaaland 154 188 2022 -
100%
5 M Belgique KevinDe Bruyne 108 422 2015 - 2025
98%
1 A Argentine SergioAguero 260 390 2011 - 2021
98%
4 A Angleterre PhilFoden 110 359 2017 -
88%
3 A Angleterre RaheemSterling 131 339 2015 - 2022
84%
10 M Cote D'Ivoire YayaToure 80 316 2010 - 2018
82%
8 A Brésil GabrielJesus 95 236 2017 - 2022
74%
9 A Angleterre DavidWhite 89 296 1986 - 1996
0%
7 A Angleterre DennisTueart 101 224 1974 - 19781980 - 1983
0%
6 A Bermudes ShaunGoater 102 209 1998 - 2003
0%
Aucun quiz correspondant
Distribution des résultats
% des personnes avec chaque résultat
Percentile par nombre de réponses
Votre historique - résultats
Vous n’avez pas pris ce quiz depuis la dernière actualisation